Catálogo - Centro de Recursos para el Aprendizaje y la Investigación

Volver al Sitio - CRAI Biblioteca

De lunas mágicas y otros cuentos : (Registro nro. 114135)

Detalles MARC
000 -CABECERA
campo de control de longitud fija 01974nam a2200301 4500
001 - NÚMERO DE CONTROL
campo de control 114135
003 - IDENTIFICADOR DEL NÚMERO DE CONTROL
campo de control DR-UNIBE
005 - FECHA Y HORA DE LA ÚLTIMA TRANSACCIÓN
campo de control 20251003095246.0
008 - DATOS DE LONGITUD FIJA--INFORMACIÓN GENERAL
campo de control de longitud fija 251003b2016 dr ||||| |||| 00| 1 spa d
020 ## - NÚMERO INTERNACIONAL ESTÁNDAR DEL LIBRO
Número Internacional Estándar del Libro 9789945415957
040 ## - FUENTE DE LA CATALOGACIÓN
Centro catalogador/agencia de origen BIBLIOTECA UNIBE
Lengua de catalogación spa
Centro/agencia transcriptor BIBLIOTECA UNIBE
Normas de descripción rda
041 ## - CÓDIGO DE LENGUA
Código de lengua del texto/banda sonora o título independiente spa
090 ## - LOCALMENTE ASIGNADO TIPO-LC NÚMERO DE CLASIFICACIÓN (OCLC); NÚMERO DE CLASIFICACIÓN LOCAL (RLIN)
Número de clasificación (OCLC) (R) ; Numero de clasificación, CALL (RLIN) (NR) FBIU-PUCMM CI L961
245 13 - MENCIÓN DE TÍTULO
Título De lunas mágicas y otros cuentos :
Resto del título cuentos e ilustraciones de niños y niñas dominicanos /
Mención de responsabilidad, etc. presentación: Carlos Amarante Baret ; prólogo: Rafaela Carrasco ; dirección ejecutiva: Dulce Rodríguez ; administración general: Raquel De Castro ; cuidado de edición: Rafaela Carrasco ; cuidado de las ilustraciones : Fernando Cabrera ; arte, diseño, diagramación y edición: Svethania Gómez, Fernando Cabrera
250 ## - MENCIÓN DE EDICIÓN
Mención de edición Primera edición
260 ## - PUBLICACIÓN, DISTRIBUCIÓN, ETC.
Lugar de publicación, distribución, etc. Santiago de los Caballeros :
Nombre del editor, distribuidor, etc. Pontificia Universidad Católica Madre y Maestra (PUCMM) :
-- Ministerio de Educación (MINERD),
Fecha de publicación, distribución, etc. 2016
300 ## - DESCRIPCIÓN FÍSICA
Extensión 283 páginas :
Otras características físicas ilustraciones ;
Dimensiones 26 x 18 cm
500 ## - NOTA GENERAL
Nota general Incluye fotos de los niños escritores de primero a cuarto nivel de la zona norte, ganadores del tercer concurso de cuentos del Programa Política de Apoyo a los Aprendizajes en los Primeros Grados del Nivel Básico en Lectura, Escritura y Matemática. En la contraportada interna se lee los nombres de los jurados, capacitadores y coordinadores por áreas
653 #7 - TÉRMINO DE INDIZACIÓN--NO CONTROLADO
Término no controlado Cuentos infantiles dominicanos
653 #7 - TÉRMINO DE INDIZACIÓN--NO CONTROLADO
Término no controlado Literatura infantil dominicana
700 10 - PUNTO DE ACCESO ADICIONAL--NOMBRE DE PERSONA
Nombre de persona Amarante Baret, Carlos
9 (RLIN) 95492
Término indicativo de función/relación presentación
700 10 - PUNTO DE ACCESO ADICIONAL--NOMBRE DE PERSONA
Nombre de persona Carrasco, Rafaela
9 (RLIN) 196964
Término indicativo de función/relación prologuista
-- cuidado de la edición
700 10 - PUNTO DE ACCESO ADICIONAL--NOMBRE DE PERSONA
Nombre de persona Rodríguez, Dulce
9 (RLIN) 199529
Término indicativo de función/relación director ejecutivo
700 10 - PUNTO DE ACCESO ADICIONAL--NOMBRE DE PERSONA
Nombre de persona De Castro, Raquel
9 (RLIN) 199541
Término indicativo de función/relación administrador general
700 10 - PUNTO DE ACCESO ADICIONAL--NOMBRE DE PERSONA
Nombre de persona Cabrera, Fernando
9 (RLIN) 5482
Término indicativo de función/relación cuidado de las ilustraciones
-- arte
-- diseñador
-- diagramador
-- cuidado de la edición
700 10 - PUNTO DE ACCESO ADICIONAL--NOMBRE DE PERSONA
Nombre de persona Gómez, Ana Svethania
9 (RLIN) 181117
Término indicativo de función/relación arte
-- diseñador
-- cuidado de la edición
942 ## - ELEMENTOS DE PUNTO DE ACCESO ADICIONAL (KOHA)
Fuente del sistema de clasificación o colocación Sistema de Clasificación Decimal Dewey
Tipo de ítem Koha Libro (general)
Existencias
Estado de retiro Estado de pérdida Fuente del sistema de clasificación o colocación No para préstamo Código de colección Localización permanente Fecha de adquisición Total de préstamos Signatura topográfica completa Código de barras Fecha visto por última vez Número de copia Precio válido a partir de Tipo de ítem Koha
  Disponible Sistema de Clasificación Decimal Dewey No se presta Fondo Bibliográfico IBBY-UNIBE Biblioteca Central UNIBE 01/08/2025   FBIU-PUCMM CI L961 FBIU0897 03/10/2025 Ej.1 03/10/2025 Libro (reserva)